Mots cachés Pokémon 3G - Statistiques

Statistiques générales
  • Ce quiz a été pris 34 fois
  • Le résultat moyen est 9 sur 20
Statistiques - réponses
Mot caché Réponse % Correct
ablos Absol
100%
ackor Arcko
100%
aachllmot Chamallot
100%
cchhmruu Chuchmur
100%
deosxy Deoxys
100%
ekoo Éoko
100%
adegikl Galekid
100%
giloptu Gloupti
100%
egorrt Groret
100%
dgnooru Groudon
100%
achiijr Jirachi
100%
egkory Kyogre
100%
aiill Lilia
100%
cdilosv Lovdisc
100%
cdilloou Ludicolo
100%
akmoss Massko
100%
ajmnu Munja
100%
aaaqruyz Rayquaza
100%
aeilors Rosélia
100%
ceelors Séléroc
100%
ikstty Skitty
100%
aalrst Tarsal
100%
acilsvy Vacilys
100%
aeilmrw Wailmer
100%
adilorw Wailord
100%
aginotzz Zigzaton
100%
aijknns Ninjask
86%
acdeltty Delcatty
80%
ceeklno Kecleon
80%
ceegir Regice
80%
abdry Draby
75%
aadkrtt Drattak
75%
deeeehlll Hélédelle
75%
aeikmors Kaimorse
75%
aahikmtu Makuhita
75%
aegilnn Ningale
75%
ainoppx Papinox
75%
ghioortv Vigoroth
75%
aeggikln Galeking
67%
bgoou Gobou
67%
aiiklr Kirlia
67%
aaadkmrs Maskadra
67%
iiopps Posipi
67%
aegnprs Serpang
67%
adinps Spinda
67%
ainorrt Tarinor
67%
eefintx Ténéfix
67%
cegikorr Regirock
63%
agglnor Laggron
60%
adeehmny Medhyèna
60%
eekkoo Okéoké
60%
efiopssuu Poussifeu
60%
aborsssy Rosabyss
60%
aefilmmnot Monaflèmit
57%
aabpru Barpau
50%
aaccen Cacnea
50%
acemprtu Camérupt
50%
aaachnrv Carvanha
50%
achorrt Chartor
50%
ceehinoptt Chenipotte
50%
acceeinpr Écrapince
50%
ceeilnprst Élecsprint
50%
aaahimry Hariyama
50%
aikknorx Kraknoix
50%
affgimnr Mangriff
50%
eeklnosx Skelénox
50%
aagilmnst Stalgamin
50%
adegiorrv Gardevoir
43%
bfiloo Flobio
40%
adeiikkmt Méditikka
40%
aeelmosst Métalosse
40%
ehmoopr Morphéo
40%
aehlrt Terhal
40%
acdhlmoor Colhomard
33%
adlnotvy Dynavolt
33%
aaeghnry Grahyèna
33%
eeegilrst Registeel
33%
ioprstu Tropius
33%
abfiinnrv Vibraninf
33%
aabbhmoru Brouhabam
29%
ailost Latios
29%
aadlmor Armaldo
25%
almrsuy Armulys
25%
aillruz Azurill
25%
abdillnsy Blindalys
25%
accenrtu Cacturne
25%
gjknou Jungko
25%
eillmouv Lumivole
25%
deeillnnor Nirondelle
25%
acloors Solaroc
25%
aceegilnt Tengalice
25%
aaailrt Altaria
20%
aegmnt Métang
20%
ceilmou Muciole
20%
einnoptu Nénupiot
20%
ceilopqru Coquiperl
17%
lnotty Tylton
17%
begilno Libégon
14%
ahinort Anorith
0%
aadkor Arakdo
0%
aalottuv Avaltout
0%
abblotu Balbuto
0%
abgilnno Balignon
0%
aabbchir Barbicha
0%
abcehlor Barloche
0%
abeiknp Bekipan
0%
abeenrtt Branette
0%
aabegilrs Braségali
0%
acghinnop Chapignon
0%
achillmnor Charmillon
0%
aachimnr Charmina
0%
aacdhkrsu Drackhaus
0%
aegglno Galegon
0%
aefgilu Galifeu
0%
eegilos Goélise
0%
agiiinoprt Grainipiot
0%
aeiknor Kaorine
0%
aailst Latias
0%
eilnno Linéon
0%
belmor Lombre
0%
beilllmosu Milobellus
0%
bdeilmsuy Mysdibule
0%
aeginp Négapi
0%
abeilo Obalie
0%
agiillno Oniglali
0%
aceloopr Parécool
0%
eghlopru Phogleur
0%
efiilpu Pifeuil
0%
bchilmoopr Polichombr
0%
abmmoru Ramboum
0%
acehilnrt Relicanth
0%
eeiprsv Séviper
0%
adehoprs Sharpedo
0%
iknops Spoink
0%
aceeloprt Téraclope
0%
Aucun quiz correspondant
Distribution des résultats
% des personnes avec chaque résultat
Percentile par nombre de réponses
Votre historique - résultats
Vous n’avez pas pris ce quiz